A handbook on criminal procedure in Kenya / (Record no. 469)

MARC details
000 -LEADER
fixed length control field 01013cam a2200313 a 4500
001 - CONTROL NUMBER
control field 14284575
003 - CONTROL NUMBER IDENTIFIER
control field OSt
005 - DATE AND TIME OF LATEST TRANSACTION
control field 20230606081839.0
008 - FIXED-LENGTH DATA ELEMENTS--GENERAL INFORMATION
fixed length control field 060303s2005 ke b 001 0 eng
010 ## - LIBRARY OF CONGRESS CONTROL NUMBER
LC control number 2006306265
020 ## - INTERNATIONAL STANDARD BOOK NUMBER
International Standard Book Number 9966703462
040 ## - CATALOGING SOURCE
Original cataloging agency DLC
Transcribing agency DLC
Modifying agency DLC
042 ## - AUTHENTICATION CODE
Authentication code lcode
043 ## - GEOGRAPHIC AREA CODE
Geographic area code f-ke---
050 00 - LIBRARY OF CONGRESS CALL NUMBER
Classification number KSK4610
Item number .L86 2005
082 ## - DEWEY DECIMAL CLASSIFICATION NUMBER
Classification number 345.056762
Item number LUM
100 1# - MAIN ENTRY--PERSONAL NAME
Personal name Lumumba, Patrick L. O.
245 12 - TITLE STATEMENT
Title A handbook on criminal procedure in Kenya /
Statement of responsibility, etc. P.L.O. Lumumba.
246 14 - VARYING FORM OF TITLE
Title proper/short title Criminal procedure in Kenya
260 ## - PUBLICATION, DISTRIBUTION, ETC. (IMPRINT)
Place of publication, distribution, etc. Nairobi, Kenya :
Name of publisher, distributor, etc. LawAfrica,
Date of publication, distribution, etc. 2005.
300 ## - PHYSICAL DESCRIPTION
Extent xlix, 221 p. ;
Dimensions 22 cm.
500 ## - GENERAL NOTE
General note Originally published: 1998.
504 ## - BIBLIOGRAPHY, ETC. NOTE
Bibliography, etc Includes bibliographical references and index.
650 #0 - SUBJECT ADDED ENTRY--TOPICAL TERM
Topical term or geographic name as entry element Criminal procedure
Geographic subdivision Kenya.
856 41 - ELECTRONIC LOCATION AND ACCESS
Materials specified Table of contents only
Uniform Resource Identifier <a href="http://www.loc.gov/catdir/toc/fy0613/2006306265.html">http://www.loc.gov/catdir/toc/fy0613/2006306265.html</a>
906 ## - LOCAL DATA ELEMENT F, LDF (RLIN)
a 7
b cbc
c origcop
d 2
e ncip
f 20
g y-gencatlg
942 ## - ADDED ENTRY ELEMENTS (KOHA)
Source of classification or shelving scheme Dewey Decimal Classification
Koha item type Books
Holdings
Withdrawn status Lost status Source of classification or shelving scheme Damaged status Not for loan Home library Current library Date acquired Total Checkouts Full call number Barcode Date last seen Price effective from Koha item type Date last checked out
    Dewey Decimal Classification     Bunge Tower Library Bunge Tower Library 06/06/2023   345.056762 LUM 10014427 06/06/2023 06/06/2023 Books  
    Dewey Decimal Classification     Bunge Tower Library Bunge Tower Library 06/06/2023 4 345.056762 LUM 10014522 04/24/2026 06/06/2023 Books 04/24/2026
LIBRARY OPENING HOURS

When the Parliament is sitting: 8.00a.m - 7.00p.m or until the house adjourns
Mondays and Fridays and when the House is on Recess:  8.00a.m - 5.00p.m
Closed on Weekends and Public Holidays

Online Public Access Catalog (OPAC)
Website: http://www.parliament.go.ke
Bunge Library: https://libraryir.parliament.go.ke
Contact: library@parliament.go.ke | Tel no: (254-2)2221291 or 2848000 Ext 5043